00401nam a2200145Ia 4500003000400000005001700004008004100021020001900062040000900081082001900090100002000109245007000129260004700199300000900246OSt20210303121600.0190216s9999||||xx |||||||||||||| ||und|| a 9780195652253 coclc a954.025bALA/M aAlam, Muzaffar  4aThe Mughal State 1526-1750 /cMuzaffar Alam ; Sanjay Subrahmanyam bOxford India Paperback,c2012.aNew Delhi: a536p